Title Social marketing : (Record no. 99780)

MARC details
000 -LEADER
fixed length control field 00716nam a22002297a 4500
003 - CONTROL NUMBER IDENTIFIER
control field URS
005 - DATE AND TIME OF LATEST TRANSACTION
control field 20260407091931.0
008 - FIXED-LENGTH DATA ELEMENTS--GENERAL INFORMATION
fixed length control field 260406b |||||||| |||| 00| 0 eng d
020 ## - INTERNATIONAL STANDARD BOOK NUMBER
International Standard Book Number 9781412961578
040 ## - CATALOGING SOURCE
Transcribing agency URS
050 ## - LIBRARY OF CONGRESS CALL NUMBER
Classification number HF 5414
Item number .L514 2011
100 ## - MAIN ENTRY--PERSONAL NAME
Personal name Lee, Nancy R.
245 ## - TITLE STATEMENT
Title Title Social marketing :
Remainder of title Influencing behaviors for good /
Statement of responsibility, etc Nancy R. Lee... [and one other.]
250 ## - EDITION STATEMENT
Edition statement Fourth Edition.--
264 ## - PUBLICATION, DISTRIBUTION, ETC. (IMPRINT)
Place of publication, distribution, etc California :
Name of publisher, distributor, etc SAGE Publications, Inc.,
Date of publication, distribution, etc ©2011.
300 ## - PHYSICAL DESCRIPTION
Extent xi, 502 pages :
Other physical details illustrations ;
Dimensions 23 cm.
504 ## - BIBLIOGRAPHY, ETC. NOTE
Bibliography, etc Includes bibliographical references.
650 ## - SUBJECT ADDED ENTRY--TOPICAL TERM
Topical term or geographic name as entry element Social Marketing
650 ## - SUBJECT ADDED ENTRY--TOPICAL TERM
Topical term or geographic name as entry element Behavior Modification
700 ## - ADDED ENTRY--PERSONAL NAME
Personal name Kotler, Philip
942 ## - ADDED ENTRY ELEMENTS (KOHA)
Source of classification or shelving scheme Library of Congress Classification
Koha item type Foreign Books
Holdings
Withdrawn status Lost status Source of classification or shelving scheme Damaged status Not for loan Collection code Home library Current library Shelving location Date acquired Source of acquisition Total Checkouts Full call number Barcode Date last seen Copy number Price effective from Koha item type
    Library of Congress Classification     Non-fiction Antipolo College Library Antipolo College Library Foreign Section 10/23/2025 Purchased   HF 5414 .L514 2011 URSANT- 06158 04/06/2026 1 04/06/2026 Foreign Books
    Library of Congress Classification     Non-fiction Antipolo College Library Antipolo College Library Foreign Section 10/23/2025 Purchased   HF 5414 .L514 2011 URSANT- 06159 04/06/2026 2 04/06/2026 Foreign Books

University of Rizal System
Email us at univlibservices@urs.edu.ph

Visit our Website www.urs.edu.ph/library